Statistics for Best-Selling Pickup Trucks in the U.S.

Click here to take the quiz!

General Stats

  • This quiz has been taken 332 times
  • The average score is 4 of 11

Answer Stats

YTD SalesAnswer% Correct
733,287Ford F-Series
99%
520,604Chevrolet Silverado
79%
441,862Ram Trucks
75%
198,390GMC Sierra
33%
174,117Toyota Tacoma
32%
103,933Toyota Tundra
30%
99,294Chevrolet Colorado
21%
17,484Nissan Titan
17%
19,582Honda Ridgeline
16%
80,857Nissan Frontier
16%
33,401GMC Canyon
13%

Score Distribution

Percentile by Number Answered

Percent of People with Each Score

Your Score History

You have not taken this quiz